| 000 | 00710nam a2200253Ia 4500 | ||
|---|---|---|---|
| 003 | OSt | ||
| 005 | 20220928120821.0 | ||
| 006 | a|||||r|||| 00| 0 | ||
| 007 | ta | ||
| 008 | 220927b |||||||| |||| 00| 0 eng d | ||
| 024 | _a66355 | ||
| 037 | _cAnnuals, Advances | ||
| 040 |
_aSDCL _cSDCL _beng |
||
| 041 |
_2eng _aeng |
||
| 082 | _aX:95:(Z3), P5 | ||
| 100 |
_aKidner Richard _9419231 |
||
| 245 | 0 | _aBlackstone's statutes on employment law 2005-2006 | |
| 250 | _a15 | ||
| 260 |
_aNew York _b Oxford University Press _c2005 |
||
| 300 |
_axii,546p _ccm. |
||
| 650 |
_aEmployment Law _9451284 |
||
| 942 |
_hX:95:(Z3), P5 _cREF _2CC |
||
| 999 |
_c765364 _d765364 |
||